banner-ar

المجتمع والدولة فى الوطن العربى : فى ظل السياسات الراسمالية الجديدة - مصر / (Record no. 48428)

MARC details
000 -الفاتح
حقل البيانات ثابتة الطول 00939nam a2200253Ia 4500
005 - وقت وتاريخ اخر تعامل مع التسجيلة
رقم الضبط 20240530104532.0
008 - عناصر البيانات ثابتة الطول - معلومات عامة
حقل البيانات ثابتة الطول 140319s9999 xx 000 0 ara d
040 ## - مصدر الفهرسة
وكالة الفهرسة الأصلية GCL /
وكالة النسخ GCL
082 04 - رقم تصنيف ديوى العشرى
رقم التصنيف 332.46062
رقم المادة م م
100 1# - المدخل الرئيسى - إسم شخصى
الإسم الشخصى محمود عبدالفضيل
245 10 - بيان العنوان
العنوان المجتمع والدولة فى الوطن العربى : فى ظل السياسات الراسمالية الجديدة - مصر /
بيان المسئوليه,etc محمود عبدالفضيل ( واخ ... )
300 ## - الوصف المادى
التعداد 193 ص
490 ## - بيان السلسلة
عنوان السلسلة المجتمع والدولة فى الوطن العربى
رقم المجلد/ التعيين التسلسلي 0
650 04 - المدخل الاضافى بالموضوع-مصطلح موضوعى
مصطلح موضوعي التنمية
650 04 - المدخل الاضافى بالموضوع-مصطلح موضوعى
مصطلح موضوعي الاقتصاد الراسمالى
650 04 - المدخل الاضافى بالموضوع-مصطلح موضوعى
مصطلح موضوعي الراسمالية
650 04 - المدخل الاضافى بالموضوع-مصطلح موضوعى
مصطلح موضوعي مصر - السياسة الاقتصادية
700 1# - المدخل الاضافى - اسم شخصى
الإسم الشخصى محمد الخولى
700 1# - المدخل الاضافى - اسم شخصى
الإسم الشخصى احمد ثابت
700 1# - المدخل الاضافى - اسم شخصى
الإسم الشخصى محمود عبدالفضيل
700 1# - المدخل الاضافى - اسم شخصى
الإسم الشخصى يسرى مصطفى عبدالمجيد
942 ## - عناصر المدخل الإضافي( كوها)
مصدر التصنيف او مخطط الترفيف Dewey Decimal Classification
Koha [default] item type كتاب
Holdings
حالة التراجع حالة الفقد حالة تلف ليس للاعارة المكان المؤقت الموقع الحالى تاريخ الاكتساب اجمالي اﻻعارات رقم الطلب الباركود تاريخ اخر مشاهدة تاريخ تفعيل السعر نوع وعاء كوها
        مكتبة القاهرة الكبرى مكتبة القاهرة الكبرى 03/26/2014   332.46062\م م 116956 03/26/2014 03/26/2014 كتاب
        مكتبة القاهرة الكبرى مكتبة القاهرة الكبرى 03/26/2014   332.46062\م م 116957 03/26/2014 03/26/2014 كتاب
        مكتبة القاهرة الكبرى مكتبة القاهرة الكبرى 03/26/2014   332.46062\م م 116958 03/26/2014 03/26/2014 كتاب

Powered By

EGPV